Score 0/25 Timer 03:00
2 Plays Today
Hint Four Letter Word % Correct
Not yoursMINE
97.4%
Silent performerMIME
97.2%
Pepper's companionSALT
96.4%
Not crazySANE
96.3%
Discounted priceSALE
96.3%
StopHALT
95.8%
Baby cowCALF
95.6%
Performed karaokeSANG
95.5%
♪ ____ and Chain ♪♪ BALL ♪
95.3%
♪ ____ Moon ♪♪ HALF ♪
94.7%
Animal fatLARD
94.5%
♪ The Last ____♪ TIME ♪
94%
♪ Raise Your ____♪ HAND ♪
94%
Hint Four Letter Word % Correct
Cash registerTILL
94%
Paper unit found in a cash registerBILL
94%
♪ ____ on Me ♪♪ CALL ♪
93.8%
Mosaic pieceTILE
93.5%
Ground, earthLAND
92.3%
Pack a shipLOAD
90.2%
♪ Work Me, ____♪ LORD ♪
89.3%
♪ Trouble in ____♪ MIND ♪
89.2%
RearHIND
89%
♪ Farewell ____♪ SONG ♪
86.5%
♪ What ____ Can Drinkin' Do ♪♪ GOOD ♪
83.2%
Annoy, agoniseGOAD
81.9%

Today's Daily Dose

Missing Word
'D' in Video Games

Word Ladder
Lent Begins

Get the Picture
Antz or A Bug's Life?

You're not logged in!

Compare scores with friends on all Sporcle quizzes.
OR
Log In

Sporcle TV

Today on Sporcle TV


Watch our educational content, quiz creation guides, and fun videos on Sporcle TV.

Show Comments

Extras

Top Quizzes Today


Score Distribution

Paid Content

Your Account Isn't Verified!

In order to create a playlist on Sporcle, you need to verify the email address you used during registration. Go to your Sporcle Settings to finish the process.

Report this User

Report this user for behavior that violates our Community Guidelines.

Details: